000 00482nam a2200145 i 4500
001 96901
003 ES-MaACL
007 t|
008 050704m19181921sp ||||1| spa d
100 1 _aManquant, A.
_976084
245 1 0 _aTratado elemental de terapéutica /
_cpor A. Manquant; traducido de la séptima edición francesa revisada con arreglo a los más recientes trabajos.
260 _aBarcelona :
_bSalvat,
_c1918-1921.
300 _a4 v. ;
_c25 cm.
852 _aES-MaACL
_jE-557-60
999 _c96901
_d96901